Library Banner

The bottom line of green is black : Strategis for creating p (Record no. 9880)

MARC details
000 -LEADER
fixed length control field 00481nam a2200181Ia 4500
001 - CONTROL NUMBER
control field 8580
008 - FIXED-LENGTH DATA ELEMENTS--GENERAL INFORMATION
fixed length control field 140325s9999 xx 000 0 und d
020 ## - INTERNATIONAL STANDARD BOOK NUMBER
International Standard Book Number 0-06-250753-2
040 ## - CATALOGING SOURCE
Transcribing agency PK-LaUMT
082 ## - DEWEY DECIMAL CLASSIFICATION NUMBER
Classification number 658.408
Item number SAU-B
100 ## - MAIN ENTRY--PERSONAL NAME
Personal name McGovern, Loretta, J.A.
245 #4 - TITLE STATEMENT
Title The bottom line of green is black : Strategis for creating p
Statement of responsibility, etc McGovern, Loretta, J.A.<>Saunders, Tedd
260 ## - PUBLICATION, DISTRIBUTION, ETC. (IMPRINT)
Date of publication, distribution, etc 1993
300 ## - PHYSICAL DESCRIPTION
Extent 282 p.
546 ## - LANGUAGE NOTE
Language note EN
700 ## - ADDED ENTRY--PERSONAL NAME
Personal name Saunders, Tedd
942 ## - ADDED ENTRY ELEMENTS (KOHA)
Koha item type Books
Holdings
Withdrawn status Lost status Source of classification or shelving scheme Damaged status Not for loan Home library Current library Date acquired Total Checkouts Full call number Barcode Date last seen Price effective from Koha item type
    Dewey Decimal Classification     UMT Main Campus UMT Main Campus 2014-03-25   658.408 SAU-B 9405 2014-03-25 2014-03-25 Books
    Dewey Decimal Classification     UMT Main Campus UMT Main Campus 2014-06-03   658.408 SAU-B 12531 2014-06-03 2014-06-03 Books
    Dewey Decimal Classification     UMT Main Campus UMT Main Campus 2014-06-03   658.408 SAU-B 17866 2014-06-03 2014-06-03 Books